Front office procedures, social skills, yield and management

Enregistré dans:
Détails bibliographiques
Auteur principal: Abbott, Peter
Autres auteurs: Lewry, Sue
Format: Livre
Langue:anglais
Publié: Oxford Butterworth-Heinemann 1999
Édition:2. ed.
Sujets:
Tags: Ajouter un tag
Pas de tags, Soyez le premier à ajouter un tag!

MARC

LEADER 00000nam a2200000 4500
001 c132770
005 20221221082445.1
020 |a 0-7506-4230-0 
041 0 |a eng 
044 |a GB 
245 1 0 |a Front office  |b procedures, social skills, yield and management  |c Peter Abbott and Sue Lewry 
250 |a 2. ed. 
264 1 |a Oxford  |b Butterworth-Heinemann  |c 1999 
300 |a 211 s. 
610 2 0 |a pohostinstvo 
610 2 0 |a hotely 
610 2 0 |a personál 
610 2 0 |a zamestnanci 
610 2 0 |a podmienky sociálne 
610 2 0 |a práca s ľuďmi 
610 2 0 |a práca s verejnosťou 
100 1 |a Abbott, Peter 
700 1 |a Lewry, Sue